000
00255nam a2200097Ia 4500
001
834436
005
20250826172434.0
008
250824s9999 xx 000 0 und d
245
0
_a
İZMİRDE ÜÇ ÇOCUKTUK
_c
HACER KILCIOĞLU
260
_b
GÜNIŞIĞI YAYINLARI
999
_c
834436
_d
834436